"Golden Brown" Lyrics - Statistics

General Stats
  • This quiz has been taken 32 times
  • The average score is 83 of 99
Answer Stats
Answer % Correct
a
100%
a
100%
a
100%
a
100%
a
100%
a
100%
a
100%
a
100%
brown,
100%
brown
100%
brown
100%
brown,
100%
brown
100%
brown
100%
brown
100%
brown
100%
brown
100%
Golden
100%
golden
100%
golden
100%
Golden
100%
golden
100%
golden
100%
golden
100%
golden
100%
golden
100%
Never
96%
Never
96%
Never
96%
Never
96%
Never
96%
Never
96%
Never
96%
with
96%
with
96%
with
96%
with
96%
With
96%
With
96%
With
96%
With
96%
like
92%
like
92%
sun
92%
texture
92%
the
92%
the
92%
the
92%
the
92%
frown
88%
frown
88%
frown
88%
frown
88%
frown
88%
frown
88%
frown
88%
my
88%
my
88%
down,
84%
me
84%
to
84%
to
84%
To
84%
mind
80%
she
80%
Through
80%
Lays
76%
no
76%
runs
76%
Every
72%
fight
72%
just
72%
last
72%
need
72%
night,
72%
hands
68%
Throughout
68%
tied
68%
time,
68%
day
64%
distant
64%
lands,
64%
mast
64%
On
64%
she's
64%
ages,
60%
away,
60%
both
60%
for
60%
heading
60%
ship,
60%
stays
60%
takes
60%
west
60%
far
56%
From
56%
her
52%
temptress
52%
finer
44%
No matching quizzes found
Score Distribution
Percent of People with Each Score
Percentile by Number Answered
Your Score History
You have not taken this quiz